Datum a čas kvízu
29.5
Celkem bodů
Celkový počet nahraných bodů na tomto kvízu bez doplňovacích otázek.
8.
Pořadí na kvízu
Konečné umístění týmu na tomto kvízu.
Zaznamenané odpovědi
# | Otázka | Odpověď | Body | Výsledky |
---|---|---|---|---|
1. | Odvolací Městský soud v Praze... | Pavel Novotný, Kateřina Kristelová | 0.5 | |
2. | Prezident jisté asijské země,... | v Jižní Koreji | 1 | |
3. | V úterý měl na Netflixu premié... | Meghan (Markle) | 1 | |
4. | V letošním ročníku soutěže Vis... | Kytary.cz | 1 | |
5. | Aukční síň Sotheby’s minulý tý... | Michael Jordan, Kobe Bryant | 0.5 | |
6. | V roce 1978 zakoupila jistá me... | Greenpeace | 1 | |
7. | Na fotce je německá bitevní lo... | Bismarck | 1 | |
8. | Loď Beagle na své druhé plavbě... | Charles Darwin | 1 | |
9. | Válečná loď Vasa ujela celkem... | ve Stockholmu | 0 | |
10. | Ceremoniál podpisu kapitulační... | Missouri | 0 |